000 00418nam a2200181Ia 4500
001 2959
005 20260306144845.0
008 260306t2008||||xx |||||||||||||| ||spa||
041 _aESP
082 _a234.96
_bJ81
100 _aJohn Paul II
_eAUT
245 0 _aCrossing the threshold of hope
260 _c2008
300 _a244 páginas :
_c20 cm.
650 _aGEN
654 _aCHU
942 _cLIB
_dJUS
_fJUS
_2ddc
_n
999 _c2959
_d2959